[Event "Bundesliga 2003-4"]
[Site "Koelln GER"]
[Date "2004.04.25"]
[Round "15"]
[White "L'Ami,E"]
[Black "Pelletier,Y"]
[Result "1-0"]
[WhiteElo "2478"]
[BlackElo "2581"]

1.e4 c5 2.Nf3 d6 3.d4 cxd4 4.Nxd4 Nf6 5.Nc3 a6 6.f3 e6 7.Be3 b5 8.g4 Bb7
9.Qd2 Nc6 10.O-O-O Rc8 11.g5 Nd7 12.h4 Nce5 13.Bd3 Nb6 14.h5 Nbc4 15.Bxc4 Nxc4
16.Qd3 b4 17.Na4 e5 18.Nf5 g6 19.Nc5 gxf5 20.Qxc4 Qe7 21.exf5 dxc5 22.f6 Qe6
23.Qxe6+ fxe6 24.g6 Bd5 25.Bg5 Kd7 26.g7 Rg8 27.Bh6 Bxg7 28.fxg7 Kd6 29.Rhf1 Rc7
30.f4 Rcxg7 31.Bxg7 Rxg7 32.f5 Rg5 33.f6 Rg8 34.Rg1 Rf8 35.Rdf1 Be4 36.Rg7 Bf5
37.Rd1+ Kc6 38.f7 c4 39.Rd8  1-0

[Event "7th United Insurance"]
[Site "Dhaka BAN"]
[Date "2004.05.08"]
[Round "2"]
[White "Dutta,Sa"]
[Black "Thapa,K"]
[Result "1-0"]
[WhiteElo "2316"]
[BlackElo "2126"]

1.e4 c5 2.Nf3 d6 3.d4 cxd4 4.Nxd4 Nf6 5.Nc3 a6 6.f3 e5 7.Nb3 Be6 8.Be3 Nbd7
9.Qd2 Rc8 10.g4 b5 11.g5 Nh5 12.a4 b4 13.Nd5 Bxd5 14.exd5 a5 15.Bb5 Be7 16.Bxd7+ Kxd7
17.O-O-O Ke8 18.Kb1 Qd7 19.f4 exf4 20.Bxf4 Nxf4 21.Qxf4 Kd8 22.Nxa5 Qxa4
23.Nc6+ Rxc6 24.dxc6 Qxc6 25.Qxb4 Kd7 26.Qg4+ Kc7 27.Rhe1 Re8 28.Rd3 Kd8
29.Rc3 Qd7 30.Qb4 Qa7 31.Ra3  1-0

[Event "ch-UKR Women"]
[Site "ALushta UKR"]
[Date "2004.05.09"]
[Round "6"]
[White "Doluhanova,E"]
[Black "Zdebskaja,N"]
[Result "1-0"]
[WhiteElo "2206"]
[BlackElo "2351"]

1.e4 c5 2.Nf3 d6 3.d4 cxd4 4.Nxd4 Nf6 5.Nc3 a6 6.f3 e5 7.Nb3 Be7 8.Be3 Be6
9.Qd2 b5 10.O-O-O Nbd7 11.Qf2 b4 12.Nd5 Nxd5 13.exd5 Bf5 14.g4 Bg6 15.h4 h6
16.Kb1 Qc7 17.Rh2 Bd8 18.f4 exf4 19.Bxf4 O-O 20.g5 Ne5 21.Bxe5 dxe5 22.gxh6 gxh6
23.d6 Qc6 24.Rg2 h5 25.Qg3 Re8 26.Rgd2 Kh7 27.d7 Re6 28.Bh3 f5 29.Rf1 f4
30.Qe1 Re7 31.Bg2 e4 32.Rxf4 Rxd7 33.Bxe4 Re7 34.Rf7+ Rxf7 35.Bxc6 Rc8 36.Be4  1-0

[Event "7th United Insurance"]
[Site "Dhaka BAN"]
[Date "2004.05.12"]
[Round "8"]
[White "Dutta,Sa"]
[Black "Ahmed,SN"]
[Result "0-1"]
[WhiteElo "2316"]
[BlackElo "2297"]

1.e4 c5 2.Nf3 d6 3.d4 cxd4 4.Nxd4 Nf6 5.Nc3 a6 6.f3 e6 7.Be3 Be7 8.Qd2 Nc6
9.g4 O-O 10.O-O-O Nxd4 11.Bxd4 b5 12.Kb1 Nd7 13.Qf2 b4 14.Ne2 Qc7 15.h4 Bb7
16.g5 d5 17.exd5 Bxd5 18.Nc1 a5 19.Bd3 Nc5 20.b3 a4 21.Rhe1 Bd6 22.Qe2 Nxd3
23.Rxd3 Rfc8 24.h5 axb3 25.cxb3 Bf4 26.Be3 Bxe3 27.Rxe3 Qf4 28.Nd3 Qxg5 29.f4 Qe7
30.h6 Rc3 31.Rg1 g6 32.Qb2 Qf8 33.Rge1 Qxh6 34.Nxb4 Rxe3 35.Rxe3 Qh1+ 36.Qc1 Be4+
37.Nd3 Qh2 38.a3 Qxf4 39.Kb2 Bxd3 40.Rxd3 Qxc1+ 41.Kxc1 Rxa3 42.Kb2 Ra8 43.b4 h5
44.b5 Rb8 45.Rb3 h4 46.Ka3 g5 47.Ka4 g4 48.Ka5 h3 49.Rb2 g3 50.Rb3 g2 51.Rg3+ Kf8  0-1

[Event "Hostan Open"]
[Site "Znojmo CZE"]
[Date "2004.05.22"]
[Round "8"]
[White "Chlost,M"]
[Black "Dobes,O"]
[Result "1-0"]
[WhiteElo "2113"]
[BlackElo "2025"]

1.e4 c5 2.Nf3 d6 3.d4 cxd4 4.Nxd4 Nf6 5.Nc3 a6 6.f3 e6 7.g4 b5 8.Be3 Bb7
9.Qd2 Nfd7 10.O-O-O Ne5 11.Kb1 Nbd7 12.Qf2 Rc8 13.Rg1 Nc4 14.Bxc4 Rxc4 15.Qe2 Rc8
16.Rge1 Nb6 17.Ndxb5 axb5 18.Qxb5+ Rc6 19.Nd5  1-0

[Event "XII Guillermo Garcia Prem II"]
[Site "Santa Clara CUB"]
[Date "2004.05.25"]
[Round "5"]
[White "Esquivel,L"]
[Black "Abreu,A"]
[Result "0-1"]
[WhiteElo "2314"]
[BlackElo "2459"]

1.e4 c5 2.Nf3 d6 3.d4 cxd4 4.Nxd4 Nf6 5.Nc3 a6 6.f3 e6 7.Be3 b5 8.Qd2 Nbd7
9.Nb3 Bb7 10.O-O-O Rc8 11.g4 Ne5 12.Qf2 Nfd7 13.Kb1 Qc7 14.Bxb5 axb5 15.Nxb5 Qb8
16.Ba7 Qa8 17.Rxd6 Bxd6 18.Nxd6+ Ke7 19.Nxc8+ Rxc8 20.Rf1 f6 21.Bd4 Nxf3
22.Bc5+ Ke8 23.Qxf3 Nxc5 24.Nxc5 Rxc5 25.Re1 Re5 26.Qb3 Bxe4  0-1

[Event "57th ch-RUS Qualifier"]
[Site "Tomsk RUS"]
[Date "2004.05.29"]
[Round "7"]
[White "Vorobiov,E"]
[Black "Loskutov,O"]
[Result "1-0"]
[WhiteElo "2552"]
[BlackElo "2433"]

1.e4 c5 2.Nf3 d6 3.d4 cxd4 4.Nxd4 Nf6 5.Nc3 a6 6.f3 e5 7.Nb3 Be6 8.Be3 h5
9.Nd5 Bxd5 10.exd5 Nbd7 11.Qd2 g6 12.Be2 Bg7 13.O-O O-O 14.Na5 Qc7 15.c4 e4
16.f4 Rfe8 17.h3 Nc5 18.b4 Nd3 19.f5 Nd7 20.Rad1 Rac8 21.Bxd3 exd3 22.Bf4 Qb6+
23.Kh1 Nf6 24.fxg6 fxg6 25.c5 dxc5 26.Qxd3 Qxb4 27.Qxg6 Qxa5 28.d6 Nd7 29.Bh6 Qc3
30.Rf7 Re1+ 31.Kh2 Qe5+ 32.Bf4 Nf8 33.Bxe5  1-0

[Event "Mitropa Cup"]
[Site "Zemplinska Sirava SVK"]
[Date "2004.05.30"]
[Round "2"]
[White "Borisek,J"]
[Black "Brkic,A"]
[Result "1-0"]
[WhiteElo "2464"]
[BlackElo "2427"]

1.e4 c5 2.Nf3 d6 3.d4 cxd4 4.Nxd4 Nf6 5.Nc3 a6 6.f3 e6 7.Be3 Nc6 8.g4 Be7
9.Qd2 O-O 10.O-O-O Nxd4 11.Bxd4 b5 12.g5 Nd7 13.h4 Qc7 14.Kb1 b4 15.Ne2 Ne5
16.f4 Nc4 17.Qd3 a5 18.Nc1 Ba6 19.Qg3 Rfc8 20.Rh2 Bb7 21.g6 fxg6 22.h5 e5
23.hxg6 h6 24.fxe5 dxe5 25.Bxc4+ Qxc4 26.Qxe5 Bf8 27.b3 Qc6 28.Rxh6 Qxc2+
29.Ka1  1-0

[Event "57th ch-RUS Qualifier"]
[Site "Tomsk RUS"]
[Date "2004.05.31"]
[Round "9"]
[White "Yagupov,I"]
[Black "Loskutov,O"]
[Result "1-0"]
[WhiteElo "2441"]
[BlackElo "2433"]

1.e4 c5 2.Nf3 d6 3.d4 cxd4 4.Nxd4 Nf6 5.Nc3 a6 6.f3 e5 7.Nb3 Be6 8.Be3 h5
9.Nd5 Nxd5 10.exd5 Bf5 11.Bd3 Bxd3 12.Qxd3 Nd7 13.O-O-O Be7 14.Kb1 Rc8 15.f4 Qc7
16.f5 Qc4 17.Qxc4 Rxc4 18.Nd2 Rg4 19.Rhg1 Nf6 20.c4 b5 21.h3 Rh4 22.Rh1 bxc4
23.g3 Nxd5 24.Ba7 c3 25.gxh4 cxd2 26.Rxd2 Nf6 27.Re1 g6 28.fxg6 fxg6 29.Rd3 Kf7
30.Ra3 Ke6 31.Rxa6 Nd5 32.Bd4 Kd7 33.Bxe5 Rb8 34.Ra7+  1-0

[Event "3rd ACP Blitz Prelim3"]
[Site "playchess.com INT"]
[Date "2004.06.02"]
[Round "17"]
[White "Karjakin,Sergey"]
[Black "Paehtz,E"]
[Result "1/2-1/2"]
[WhiteElo "2580"]
[BlackElo "2385"]

1.e4 c5 2.Nf3 d6 3.d4 cxd4 4.Nxd4 Nf6 5.Nc3 a6 6.f3 e5 7.Nb3 Be6 8.Be3 Be7
9.Qd2 O-O 10.O-O-O Qc7 11.g4 Rc8 12.g5 Nh5 13.Kb1 Nd7 14.Qf2 b5 15.h4 b4
16.Nd5 Bxd5 17.Rxd5 a5 18.Bh3 a4 19.Nc1 Rcb8 20.Bg4 g6 21.Bxh5 gxh5 22.f4 exf4
23.Bxf4 a3 24.b3 Bf8 25.Qd2 Nc5 26.Re1 Rc8 27.Bxd6 Bxd6 28.Rxd6 Ne6 29.e5 Rab8
30.Nd3 Rb5 31.Re4 Qb7 32.Qe2 Qc7 33.Rc4 Qb7 34.Rxc8+ Qxc8 35.Qxh5 Qc3 36.Qe2 Nf4
37.Qe1 Qxe1+ 38.Nxe1 Rxe5 39.Rd1 Ne2 40.Ka1 Nc3 41.Nd3 Re4 42.Rh1 h6 43.gxh6 Kh7
44.Rf1 Kxh6 45.Rxf7 Rxh4 46.Rf1 Rg4 47.Re1 Kg5 48.Rf1 Kh6 49.Ne5 Re4 50.Nc6 Kg5
51.Rh1 Kg4 52.Rg1+ Kf3 53.Rh1 Ke2 54.Na5 Rd4 55.Nc4 Rd1+ 56.Rxd1 Kxd1 57.Ne5 Kxc2
58.Nc6 Nd5 59.Nxb4+ Nxb4  1/2-1/2

[Event "Summer IV"]
[Site "Alushta UKR"]
[Date "2004.06.19"]
[Round "3"]
[White "Kuznetsov,Vi2"]
[Black "Shtyrenkov,V"]
[Result "0-1"]
[WhiteElo "2375"]
[BlackElo "2449"]

1.e4 c5 2.Nf3 d6 3.d4 cxd4 4.Nxd4 Nf6 5.Nc3 a6 6.f3 e6 7.Be3 b5 8.g4 b4 9.Nce2 e5
10.Nb3 h6 11.Qd2 a5 12.c4 a4 13.Nbc1 Nc6 14.Ng3 Nd7 15.Nd3 Qa5 16.Be2 Nc5
17.O-O Be6 18.Rac1 g6 19.f4 Nxd3 20.Qxd3 exf4 21.Bxf4 Ne5 22.Qd2 Bg7 23.h3 b3
24.axb3 Qxd2 25.Bxd2 axb3 26.Bc3 O-O 27.Rfd1 Rfc8 28.Rxd6 Bxc4 29.Rb6 Be6
30.Rd1 Ra2 31.Kf2 Nc4 32.Bxc4 Rxc4 33.Rd8+ Kh7 34.Bxg7 Kxg7 35.Rd2 Rc2 36.Rxc2 bxc2
37.Ne2 Bc4 38.Rc6 Bxe2 39.Kxe2 Rxb2 40.Kd2 Rb3 41.h4 Rg3 42.g5 h5 43.Kxc2 Rh3
44.Kd2 Rxh4 45.Ke3 Rg4 46.Rc5 Kf8 47.Kf3 Ke7 48.Ra5 Ke6 49.Rb5 Rg1 50.Kf4 Rf1+
51.Kg3 f6 52.gxf6 Kxf6 53.Rb6+ Kg5 54.Rb5+ Kh6 55.Ra5 Rf6 56.Rd5 g5 57.e5 h4+
58.Kg2 Rf4 59.Rd6+ Kh5 60.Rd8 Kg4 61.e6 Re4 62.Rd6 Kf5 63.Rd5+ Kf6 64.Rd8 Rxe6
65.Rg8 Kf5 66.Kf3 Ra6 67.Rf8+ Kg6 68.Rg8+ Kh5 69.Rh8+ Kg6 70.Rg8+ Kh6 71.Rh8+ Kg7
72.Rb8 Ra4 73.Rb7+ Kg6 74.Rb6+ Kh5 75.Rb5 Rf4+ 76.Kg2 Kg4 77.Ra5 h3+ 78.Kh2 Kh4
79.Ra8 Rf2+ 80.Kg1 Rb2 81.Kh1 g4 82.Ra3 Rb1+  0-1

[Event "XVIII Open"]
[Site "Pula CRO"]
[Date "2004.06.20"]
[Round "1"]
[White "Waldmann,G"]
[Black "Cvitan,O"]
[Result "0-1"]
[WhiteElo "2130"]
[BlackElo "2524"]

1.e4 c5 2.Nf3 d6 3.d4 cxd4 4.Nxd4 Nf6 5.Nc3 a6 6.f3 e5 7.Nb3 Be6 8.Be3 Be7
9.Qd2 O-O 10.O-O-O Qc7 11.g4 Rc8 12.Kb1 d5 13.exd5 Nxd5 14.Nxd5 Bxd5 15.Qf2 Bh4
16.Qe2 Rd8 17.Bg2 Nc6 18.Rd2 b5 19.Rhd1 Bc4 20.Rxd8+ Rxd8 21.Rxd8+ Nxd8 22.Qd2 Ne6
23.Nc1 Nf4 24.Bxf4 exf4 25.b3 Be6 26.Nd3 Bg5 27.h4 Bxh4 28.Qxf4 Qxf4 29.Nxf4 Bc8
30.c4 bxc4 31.bxc4 f5 32.Bh3 fxg4 33.Bxg4 Bb7 34.Kc2 Kf7 35.Kd3 Bf2 36.Be6+ Ke7
37.Bd5 Bc8 38.Ke2 Bg3 39.Nh5 Be5 40.f4 Bb2 41.Kf3 g6 42.Ng3 h5 43.Ne4 Bg4+
44.Kg3 Ba3 45.c5 Bb4 46.Bb7 a5 47.c6 Kd8 48.Ng5 Kc7 49.Kf2 Bc5+ 50.Kg3 Bb4
51.Kf2 h4 52.Kg2 Bd2 53.Nf3 Bxf4 54.Nxh4 g5 55.Nf3 Be6 56.a4 Bd5 57.Kf2 g4
58.Nd4 g3+ 59.Ke2 g2 60.Nb5+ Kb8  0-1

[Event "8th Open"]
[Site "Voronezh RUS"]
[Date "2004.06.20"]
[Round "9"]
[White "Chuprov,D"]
[Black "Ibraev,N"]
[Result "0-1"]
[WhiteElo "2464"]
[BlackElo "2445"]

1.e4 c5 2.Nf3 d6 3.d4 cxd4 4.Nxd4 Nf6 5.Nc3 a6 6.f3 e6 7.Be3 b5 8.Qd2 Nbd7
9.g4 Nb6 10.O-O-O Bb7 11.Ndxb5 axb5 12.Nxb5 d5 13.Kb1 Be7 14.Qd4 Na4 15.e5 Nd7
16.Nd6+ Bxd6 17.exd6 O-O 18.Bb5 Nac5 19.Qb4 Qb6 20.c3 Bc6 21.Be2 Qa7  0-1

[Event "3rd Asean IM"]
[Site "Bangkok THA"]
[Date "2004.06.24"]
[Round "6"]
[White "Theerapabpaisit,W"]
[Black "Jiravorasuk,B"]
[Result "1-0"]
[WhiteElo "2271"]
[BlackElo "2312"]

1.e4 c5 2.Nf3 d6 3.d4 cxd4 4.Nxd4 Nf6 5.Nc3 a6 6.f3 Qb6 7.Nb3 e6 8.Qe2 Nc6
9.Be3 Qc7 10.g4 b5 11.g5 Nd7 12.f4 Nb6 13.Qf2 Rb8 14.a4 b4 15.Nb1 g6 16.a5 Nd7
17.N1d2 Bg7 18.O-O-O d5 19.exd5 exd5 20.Bg2 Ne7 21.Rhe1 O-O 22.Ba7 Rb7 23.Rxe7 Rxa7
24.Bxd5 Qb8 25.Nc4 Rb7 26.Bxb7  1-0

[Event "3rd Open"]
[Site "Rabat MAR"]
[Date "2004.06.26"]
[Round "3"]
[White "Fedorchuk,S"]
[Black "Adnani,M"]
[Result "0-1"]
[WhiteElo "2569"]
[BlackElo "2311"]

1.e4 c5 2.Nf3 d6 3.d4 cxd4 4.Nxd4 Nf6 5.Nc3 a6 6.f3 e6 7.Be3 b5 8.Qd2 Bb7
9.g4 Nfd7 10.O-O-O Nb6 11.a3 N8d7 12.Nb3 Rc8 13.Na5 Ba8 14.g5 d5 15.exd5 Nxd5
16.Nxd5 Bxd5 17.Be2 Qc7 18.Kb1 Nc5 19.Bd4 Na4 20.Nb3 Nb6 21.h4 Nc4 22.Qd3 e5
23.Bc5 Be6 24.Bxf8 Kxf8 25.Nd2 Rd8 26.Qc3 Nxd2+ 27.Rxd2 Qxc3 28.Rxd8+ Ke7
29.Rd7+ Kxd7 30.bxc3 h6 31.Rg1 g6 32.a4 hxg5 33.hxg5 Kc6 34.axb5+ axb5 35.Re1 Bd5
36.Kc1 Rh3 37.Bd3 Kd6 38.Bf1 Rxf3 39.Rd1 Rxc3 40.Bxb5 Ke6 41.Rg1 e4 42.Kd2 Rc5
43.Be2 Ke5 44.Rg3  0-1

[Event "ch-NED"]
[Site "Leeuwarden NED"]
[Date "2004.07.01"]
[Round "2"]
[White "Stellwagen,D"]
[Black "Bosboom,M"]
[Result "1-0"]
[WhiteElo "2503"]
[BlackElo "2422"]

1.e4 c5 2.Nf3 d6 3.d4 cxd4 4.Nxd4 Nf6 5.Nc3 a6 6.f3 e6 7.Be3 b5 8.Qd2 Bb7
9.O-O-O Nbd7 10.g4 h6 11.h4 b4 12.Na4 Qa5 13.b3 Rc8 14.Bh3 Nc5 15.g5 Nxa4
16.bxa4 hxg5 17.hxg5 Nd7 18.g6 Rxh3 19.gxf7+ Kxf7 20.Rxh3 Qxa4 21.Kb1 Ne5
22.Qh2 Rc5 23.Qf4+ Ke8 24.Rh8 Ng6 25.Qxd6 Nxh8 26.Qxe6+ Be7 27.Qg8+ Bf8 28.Nb3 Rh5
29.Qe6+ Be7 30.Bc5  1-0

[Event "Skanska Cup"]
[Site "Olomouc CZE"]
[Date "2004.07.04"]
[Round "1"]
[White "Simacek,P"]
[Black "Babula,V"]
[Result "0-1"]
[WhiteElo "2439"]
[BlackElo "2569"]

1.e4 c5 2.Nf3 d6 3.d4 cxd4 4.Nxd4 Nf6 5.Nc3 a6 6.f3 e5 7.Nb3 Be6 8.Be3 Be7
9.Qd2 O-O 10.g4 d5 11.g5 d4 12.gxf6 Bxf6 13.Nd1 dxe3 14.Qxd8 Rxd8 15.Nxe3 Bh4+
16.Ke2 Nc6 17.c3 b6 18.Bg2 Ne7 19.Rhd1 Ng6 20.Kf1 Nf4 21.Rab1 a5 22.c4 a4
23.Na1 b5 24.Nac2 bxc4 25.Nb4 Rxd1+ 26.Rxd1 a3 27.bxa3 Rxa3 28.Ned5 Bxd5
29.Nxd5 c3 30.Nxf4 exf4 31.Rc1 Rxa2 32.Rxc3 g6 33.Rc1 Bf2 34.Rd1 Be3 35.Re1 Rf2+
36.Kg1 Re2+ 37.Kf1 Rf2+ 38.Kg1 Rxf3+ 39.Kh1 Rf2 40.Bf1 f3 41.Bc4 Bf4 42.Rf1 Rxh2+
43.Kg1 Rg2+ 44.Kh1 Rg3  0-1

[Event "22nd Open"]
[Site "Andorra la Vella AND"]
[Date "2004.07.06"]
[Round "4"]
[White "Postny,E"]
[Black "Delchev,A"]
[Result "1/2-1/2"]
[WhiteElo "2563"]
[BlackElo "2603"]

1.e4 c5 2.Nf3 d6 3.d4 cxd4 4.Nxd4 Nf6 5.Nc3 a6 6.f3 e5 7.Nb3 Be6 8.Be3 Be7
9.Qd2 O-O 10.O-O-O Nbd7 11.g4 b5 12.g5 b4 13.Nd5 Nxd5 14.exd5 Bf5 15.h4 a5
16.Bd3 Bxd3 17.Qxd3 f5 18.gxf6 Nxf6 19.h5 Qd7 20.Rdg1 Kh8 21.Bg5 Ng8 22.f4 Bxg5
23.fxg5 Qf5 24.Qxf5 Rxf5 25.Nd2 Ne7 26.Ne4 Rd8 27.g6 h6 28.Rf1 Kg8 29.Rxf5 Nxf5
30.Rf1 Ne3 31.Rf7 Nxd5 32.Ra7 Nf4 33.Nxd6 Kf8 34.Rf7+ Kg8 35.Ra7 Kf8 36.Rf7+  1/2-1/2

[Event "ch-NOR"]
[Site "Molde NOR"]
[Date "2004.07.06"]
[Round "5"]
[White "Heim,S"]
[Black "Nordahl,H"]
[Result "0-1"]
[WhiteElo "2368"]
[BlackElo "2359"]

1.e4 c5 2.Nf3 d6 3.d4 cxd4 4.Nxd4 Nf6 5.Nc3 a6 6.f3 e5 7.Nb3 Be6 8.Be3 Be7
9.Qd2 O-O 10.O-O-O a5 11.Qe1 Qc8 12.Bb5 Na6 13.Na4 Nb4 14.Qf2 Nxa2+ 15.Kb1 Nb4
16.Nb6 Qc7 17.Nxa8 Rxa8 18.Bb6 Qc8 19.Ba4 Nd7 20.c3 Nxb6 21.Qxb6 Na6 22.Nd2 Nc5
23.Bb5 Nd7 24.Qe3 a4 25.c4 Nc5 26.Qa3 f5 27.Rhe1 f4 28.Ka2 Qc7 29.Qc3 Qb6
30.Kb1 Ra5 31.g3 Bf6 32.gxf4 exf4 33.e5 Bxe5 34.Rxe5 dxe5 35.Qxe5 Ra8 36.Qxf4 a3
37.bxa3 Nd3 38.Qg5 Qd4 39.Kc2 Rxa3 40.Rb1 Ra2+ 41.Kd1 Nf4  0-1

[Event "ch-CRC"]
[Site "Casa Espana CRC"]
[Date "2004.07.10"]
[Round "4"]
[White "Granados,C"]
[Black "Leandro,J"]
[Result "1-0"]
[WhiteElo "2241"]
[BlackElo "2133"]

1.e4 c5 2.Nf3 d6 3.d4 cxd4 4.Nxd4 Nf6 5.Nc3 a6 6.f3 Nc6 7.Be3 e5 8.Nb3 Be6
9.Qd2 Be7 10.O-O-O Nb4 11.g4 h6 12.a3 Bxb3 13.cxb3 Nc6 14.Kb1 b5 15.Nxb5 axb5
16.Bxb5 Rc8 17.Rc1 Kd7 18.Qc3 Qc7 19.Rhd1 Qb7 20.Qxe5 Rhd8 21.Qf5+ Ke8 22.Rxc6 Rxc6
23.Rc1 Kf8 24.Bxc6 Qxb3 25.Rc3 Qd1+ 26.Ka2 Qe2 27.Bb5 Qxh2 28.Rc8 Qg2 29.Bb6 g6
30.Rxd8+ Bxd8 31.Qc8 Qxf3 32.Qxd8+ Kg7 33.Bd4  1-0

[Event "15th Open"]
[Site "Ljubjana SLO"]
[Date "2004.07.11"]
[Round "2"]
[White "Kranjec,T"]
[Black "Nepomniachtchi,I"]
[Result "0-1"]
[WhiteElo "2112"]
[BlackElo "2476"]

1.e4 c5 2.Nf3 d6 3.d4 cxd4 4.Nxd4 Nf6 5.Nc3 a6 6.f3 e5 7.Nb3 Be6 8.Be3 Be7
9.Qd2 Nbd7 10.O-O-O O-O 11.g4 Nb6 12.Bxb6 Qxb6 13.Nd5 Bxd5 14.exd5 Rfc8 15.Kb1 Qd8
16.h4 Nd7 17.g5 Nb6 18.f4 a5 19.fxe5 a4 20.Nc1 dxe5 21.Bh3 Nc4 22.Qd3 Qb6
23.b3 Na3+ 24.Ka1 Nxc2+ 25.Kb1 Na3+ 26.Ka1 e4 27.Qxe4 Rxc1+ 28.Rxc1 Bf6+  0-1

[Event "ACT Open"]
[Site "Amsterdam NED"]
[Date "2004.07.19"]
[Round "3"]
[White "Nijboer,F"]
[Black "Bezemer,A"]
[Result "1-0"]
[WhiteElo "2568"]
[BlackElo "2375"]

1.e4 c5 2.Nf3 d6 3.d4 cxd4 4.Nxd4 Nf6 5.Nc3 a6 6.f3 e5 7.Nb3 Be7 8.Be3 Be6
9.Qd2 O-O 10.O-O-O Nbd7 11.g4 Qc7 12.g5 Nh5 13.Kb1 b5 14.Ne2 Rac8 15.Ng3 Nf4
16.h4 d5 17.Nf5 Bb4 18.Qf2 Rfe8 19.h5 Bf8 20.h6 g6 21.Ng7 Bxg7 22.hxg7 Kxg7
23.Bxf4 exf4 24.exd5 Bf5 25.Nd4 Re5 26.d6 Qc5 27.Qh2 Nf8 28.Nxf5+ gxf5 29.Bd3 Rd8
30.Qxf4 Rxd6 31.Rh6 Rd4 32.Qh2 a5 33.Rh1 Qc7 34.Bxf5 Kg8 35.Bxh7+ Nxh7 36.Rxh7 Kf8
37.g6 Red5 38.g7+  1-0

[Event "JunCh-USA"]
[Site "Lindsborg USA"]
[Date "2004.07.22"]
[Round "5"]
[White "Fernandez,D"]
[Black "Milman,L"]
[Result "1-0"]
[WhiteElo "2317"]
[BlackElo "2428"]

1.e4 c5 2.Nf3 d6 3.d4 cxd4 4.Nxd4 Nf6 5.Nc3 a6 6.f3 e5 7.Nb3 Be6 8.Be3 Be7
9.Qd2 O-O 10.O-O-O b5 11.g4 Nbd7 12.g5 b4 13.Ne2 Ne8 14.Ng3 a5 15.Kb1 a4
16.Nc1 b3 17.cxb3 axb3 18.a3 Nc7 19.f4 exf4 20.Bxf4 d5 21.Nf5 Nc5 22.Qc3 f6
23.gxf6 Rxf6 24.Nxg7 Kxg7 25.Qg3+ Rg6 26.Bxc7 Qd7 27.Be5+ Kg8 28.Qe3 Nxe4
29.Nd3 Bg5 30.Bf4 Qg7 31.Bxg5 Rxg5 32.Nf4 Bf7 33.Bh3 Re8 34.Bd7 Re7 35.Bc6 Bg6
36.Ka1 Ng3 37.Ne6 Re5 38.Qxg3 Qf6 39.Nd4 Re3 40.Qb8+ Kg7 41.Bxd5  1-0

[Event "ACT Open"]
[Site "Amsterdam NED"]
[Date "2004.07.23"]
[Round "7"]
[White "Bertholee,R"]
[Black "Lahaye,R"]
[Result "1-0"]
[WhiteElo "2398"]
[BlackElo "2306"]

1.e4 c5 2.Nc3 d6 3.Nf3 Nf6 4.d4 cxd4 5.Nxd4 a6 6.f3 e5 7.Nde2 Be6 8.Bg5 Nbd7
9.Qd2 Be7 10.O-O-O b5 11.Kb1 b4 12.Bxf6 Nxf6 13.Nd5 Nxd5 14.exd5 Bd7 15.Qxb4 a5
16.Qa3 O-O 17.c4 Rb8 18.Nc3 Rb4 19.g4 f5 20.gxf5 Bxf5+ 21.Bd3 Bh3 22.Ne4 Bg2
23.Rhg1 Bxf3 24.Rdf1 Qb6 25.Qc3 g6 26.c5 dxc5 27.d6 Bxd6 28.Bc4+ Kg7 29.Ng5 Rb8
30.b3  1-0

[Event "7th Open"]
[Site "Korinthos GRE"]
[Date "2004.07.24"]
[Round "4"]
[White "Lupulescu,C"]
[Black "Shneider,A"]
[Result "1/2-1/2"]
[WhiteElo "2555"]
[BlackElo "2532"]

1.e4 c5 2.Nf3 d6 3.d4 cxd4 4.Nxd4 Nf6 5.Nc3 a6 6.f3 e5 7.Nb3 Be6 8.Be3 Nbd7
9.Qd2 h5 10.Be2 Rc8 11.O-O Be7 12.a4 O-O 13.a5 Qc7 14.Rfd1 Rfd8 15.Bf1 d5
16.exd5 Nxd5 17.Nxd5 Bxd5 18.Qxd5 Nf6 19.Qc4 Qxc4 20.Rxd8+ Bxd8 21.Bxc4 Rxc4
22.c3 Be7 23.Rd1 Kf8 24.Kf2 Ke8 25.Ke2 Nd7 26.Rd5 Rc6 27.Nd2 f5 28.g3 g6
29.Nb3 Rd6 30.Rd3 Kf7 31.Nd2 Ke6 32.Nc4 Rxd3 33.Kxd3 Kd5 34.Nb6+ Nxb6 35.Bxb6 e4+
36.fxe4+ fxe4+ 37.Kc2 Bc5 38.Bxc5 Kxc5 39.b3 Kd5 40.Kd2 Ke5 41.Ke3  1/2-1/2

[Event "ACT Open"]
[Site "Amsterdam NED"]
[Date "2004.07.25"]
[Round "9"]
[White "Stellwagen,D"]
[Black "Doggers,P"]
[Result "0-1"]
[WhiteElo "2509"]
[BlackElo "2246"]

1.e4 c5 2.Nf3 d6 3.d4 cxd4 4.Nxd4 Nf6 5.Nc3 a6 6.f3 e6 7.Be3 b5 8.g4 Bb7
9.Qd2 Nfd7 10.O-O-O Nb6 11.Bd3 N8d7 12.g5 Rc8 13.Kb1 Ne5 14.f4 Nec4 15.Bxc4 Nxc4
16.Qd3 b4 17.Nce2 Nxe3 18.Qxe3 Be7 19.Ng3 O-O 20.h4 Qb6 21.Qd2 Rc3 22.Rhg1 Rxg3
23.Rxg3 Bxe4 24.Nf3 Rc8 25.Ne1 d5 26.h5 Bc5 27.Nd3 a5 28.g6 fxg6 29.hxg6 h6
30.Ka1 Bd4 31.Rc1 Rc3 32.Qh2 Rc4 33.Ne5 Rc7 34.Qh4 Rb7 35.Rb3 Bf2 36.Qg4 Bf5
37.Qg2 a4 38.Rf3 Bd4 39.Kb1 b3 40.Nd3 Bxb2 41.Kxb2 bxa2+ 42.Kc3 Qa5+ 43.Kd4 Rb1  0-1

[Event "ACT Open"]
[Site "Amsterdam NED"]
[Date "2004.07.25"]
[Round "9"]
[White "L'Ami,E"]
[Black "Acs,P"]
[Result "1-0"]
[WhiteElo "2486"]
[BlackElo "2545"]

1.e4 c5 2.Nf3 d6 3.d4 cxd4 4.Nxd4 Nf6 5.Nc3 a6 6.f3 Qb6 7.Nb3 e6 8.Qe2 Qc7
9.Be3 b5 10.Qf2 Nbd7 11.a3 Be7 12.O-O-O Rb8 13.g4 Ne5 14.g5 Nfd7 15.Rg1 b4
16.axb4 Rxb4 17.f4 Nc6 18.h4 Na5 19.Nd4 Nc4 20.Bxc4 Rxc4 21.f5 Ne5 22.Nb3 Bb7
23.Bb6 Qc8 24.Bd4 Rb4 25.f6 gxf6 26.gxf6 Bf8 27.Bxe5 dxe5 28.Rg3 Rxb3 29.cxb3 Bxe4
30.Qe3 Bg6 31.Rd2 e4 32.Qd4 Bh6 33.Qa4+ Kf8 34.Rg5 Bxg5 35.hxg5 e3 36.Rd6 h6
37.Qd4 Ke8 38.Qa7 Kf8 39.Qe7+ Kg8 40.Rd8+ Kh7 41.Rxc8 Rxc8 42.gxh6  1-0

[Event "ch-AUT"]
[Site "Hartberg AUT"]
[Date "2004.07.26"]
[Round "3"]
[White "Sandhoefner,F"]
[Black "Miniboeck,G"]
[Result "0-1"]
[WhiteElo "2240"]
[BlackElo "2345"]

1.e4 c5 2.Nf3 d6 3.d4 cxd4 4.Nxd4 Nf6 5.Nc3 a6 6.f3 e5 7.Nb3 Be6 8.Be3 Nbd7
9.Qd2 b5 10.a4 b4 11.Nd5 Bxd5 12.exd5 Nb6 13.Bxb6 Qxb6 14.a5 Qb7 15.Bc4 g6
16.Ra4 Rb8 17.Nc1 h5 18.Na2 Bh6 19.Qd3 O-O 20.O-O e4 21.fxe4 Ng4 22.Qe2 Be3+
23.Kh1 Bc5 24.Bxa6 Qe7 25.g3 Ne3 26.Bd3 Nxf1 27.Qxf1 Qe5 28.b3 h4 29.g4 Rfe8
30.a6 Re7 31.h3 Qg3 32.Nc1 Rbe8 33.Ne2 Qe3 34.Qg2 Kh8 35.Kh2 f5 36.exf5 gxf5
37.gxf5  0-1

[Event "7th Open"]
[Site "Korinthos GRE"]
[Date "2004.07.27"]
[Round "7"]
[White "Parligras,M"]
[Black "Zagrebelny,S"]
[Result "1/2-1/2"]
[WhiteElo "2564"]
[BlackElo "2499"]

1.e4 c5 2.Nc3 d6 3.Nge2 Nf6 4.d4 cxd4 5.Nxd4 a6 6.f3 e5 7.Nb3 Be6 8.Be3 Nbd7
9.g4 Nb6 10.g5 Nh5 11.Qd2 Be7 12.O-O-O Rc8 13.Rg1 O-O 14.Kb1 Qc7 15.Nd5 Nxd5
16.exd5 Bf5 17.Bd3 Bxd3 18.Qxd3 f5 19.f4 exf4 20.Bc1 Qc4 21.Qxc4 Rxc4 22.Nd4 g6
23.Rd3 Rfc8 24.b3 R4c5 25.c4 b5 26.Nc6 R5xc6 27.dxc6 bxc4 28.Rd4 cxb3 29.Rc4 d5
30.Rc3 bxa2+ 31.Kxa2 Kf7 32.Kb3 Bd6 33.Rd1 f3 34.Be3 Nf4 35.Bxf4 Bxf4 36.Rxf3 Bxg5
37.Rxd5 Rxc6 38.Rd7+ Be7 39.Re3 Re6 40.Rxe6 Kxe6 41.Ra7 f4 42.Kc4 h5  1/2-1/2

[Event "Politiken Cup"]
[Site "Copenhagen DEN"]
[Date "2004.07.28"]
[Round "6"]
[White "Nolsoe,E"]
[Black "Hjelm,N"]
[Result "1-0"]
[WhiteElo "2212"]
[BlackElo "2339"]

1.e4 c5 2.Nf3 d6 3.d4 cxd4 4.Nxd4 Nf6 5.Nc3 a6 6.f3 e6 7.Be3 b5 8.Qd2 Nbd7
9.O-O-O Bb7 10.g4 Nb6 11.Qf2 Nfd7 12.g5 Rc8 13.h4 Rxc3 14.bxc3 d5 15.Bd3 Na4
16.Ne2 Qc7 17.Qe1 Ba3+ 18.Kb1 O-O 19.Bc1 Bxc1 20.Rxc1 Ne5 21.Rh3 Rc8 22.Ka1 Nxf3
23.Rxf3 dxe4 24.Re3 exd3 25.cxd3 Qc5 26.Qd2 Qf5 27.Rg3 b4 28.c4 a5 29.Qf4 Qc5
30.d4 Qe7 31.h5 Nb6 32.c5 Nd5 33.Qe5 f6 34.gxf6 Nxf6 35.Nf4 Re8 36.Rcg1  1-0

[Event "ch-AUT"]
[Site "Hartberg AUT"]
[Date "2004.07.29"]
[Round "6"]
[White "Schwarhofer,C"]
[Black "Bezler,R"]
[Result "1-0"]
[WhiteElo "2029"]
[BlackElo "2242"]

1.e4 c5 2.Nf3 d6 3.d4 cxd4 4.Nxd4 Nf6 5.Nc3 a6 6.f3 Qb6 7.Nb3 e6 8.Qe2 Nc6
9.Be3 Qc7 10.O-O-O b5 11.g4 Nd7 12.h4 Nb6 13.Kb1 Nc4 14.Bc1 Bb7 15.h5 O-O-O
16.g5 Kb8 17.a4 bxa4 18.Nxa4 Nb6 19.Nxb6 Qxb6 20.Be3 Qc7 21.Qf2 Rd7 22.Bb6 Qc8
23.Bh3 Ne5 24.g6 hxg6 25.hxg6 Nxg6 26.Rd3 Be7 27.Rc3 Qg8 28.Na5 Nf4 29.Rb3 Rxh3
30.Rxh3 Nxh3 31.Qf1 Ng5 32.Nxb7 Rxb7 33.Qxa6 Qc8 34.Ba7+ Ka8 35.Be3+ Kb8
36.Qa7+ Kc7 37.Rc3+  1-0

[Event "It"]
[Site "Charleroi BEL"]
[Date "2004.07.30"]
[Round "1"]
[White "Hautot,S"]
[Black "Le Quang,K"]
[Result "1/2-1/2"]
[WhiteElo "2336"]
[BlackElo "2271"]

1.e4 c5 2.Nf3 d6 3.d4 cxd4 4.Nxd4 Nf6 5.Nc3 a6 6.f3 e6 7.Be3 Be7 8.Qd2 O-O
9.g4 Nc6 10.O-O-O Nxd4 11.Qxd4 b5 12.g5 Nd7 13.h4 Bb7 14.Rg1 Ne5 15.Rg3 Qa5
16.a3 Rfc8 17.Bd2 Qc7 18.h5 d5 19.exd5 Bxd5 20.f4  1/2-1/2

[Event "Skanska Open"]
[Site "Pardubice CZE"]
[Date "2004.07.30"]
[Round "8"]
[White "Potkin,V"]
[Black "Babula,V"]
[Result "1-0"]
[WhiteElo "2523"]
[BlackElo "2569"]

1.e4 c5 2.Nf3 d6 3.d4 cxd4 4.Nxd4 Nf6 5.Nc3 a6 6.f3 e5 7.Nb3 Be6 8.Be3 Nbd7
9.g4 Be7 10.Qd2 b5 11.g5 b4 12.Ne2 Nh5 13.Ng3 Nf4 14.h4 h6 15.Bxf4 exf4 16.Nh5 Bxb3
17.axb3 g6 18.Nxf4 Ne5 19.Be2 hxg5 20.Nd5 g4 21.f4 Bxh4+ 22.Kf1 Nf3 23.Bxf3 gxf3
24.Qd4 Rh5 25.Qg7 Rxd5 26.exd5 Qe7 27.Rh2 Bf6 28.Qg8+ Qf8 29.Re1+ Kd7 30.Qxf8 Rxf8
31.Kf2 Bxb2 32.Rh7 Bf6 33.Kxf3 Kd8 34.Re4 a5 35.Rc4 Kd7 36.f5 gxf5 37.Kf4 Be5+
38.Kxf5 Bc3 39.Rc6 Bd4 40.Ra6 Kc7 41.Rc6+ Kd7 42.Rh4 Bc5 43.Ra6 Re8 44.Re4 Rh8
45.Kf6 Rh6+ 46.Kxf7 Rh7+ 47.Kg6 Rh2 48.Rf4 Rg2+ 49.Kh5 Ke7 50.Rxa5 Rd2 51.Rf5 Rxc2
52.Rb5 Rh2+ 53.Kg4 Rg2+ 54.Kh3 Rb2 55.Rb7+ Ke8 56.Rh5 Rxb3+ 57.Kg4 Bd4 58.Rhh7  1-0